000
00282nam a22001217a 4500
008
160523b xxu||||| |||| 00| 0 eng d
020
_a
9780312487607
020
_a
0312487606
041
_a
eng
080
_a
316.77
245
_a
Writing first;
_c
Laurie G. Kirszner;
942
_2
udc
_c
BK
999
_c
2366
_d
2366